Μεθοδολογικό πλαίσιο εκτίμησης της χωρικής φέρουσας ικανότητας για τουριστική ανάπτυξη (ΦΙΤΑ) : διδακτορική διατριβή

Αποθηκεύτηκε σε:
Λεπτομέρειες βιβλιογραφικής εγγραφής
Κύριος συγγραφέας: Παρπαΐρης, Aπόστολος
Συγγραφή απο Οργανισμό/Αρχή: Πανεπιστήμιο Αιγαίου. Σχολή Περιβάλλοντος. Τμήμα Περιβάλλοντος
Μορφή: Thesis Βιβλίο
Γλώσσα:Greek
Δημοσίευση: Μυτιλήνη : Πανεπιστήμιο Αιγαίου, Τμήμα Περιβάλλοντος, 1993
Θέματα:
Διαθέσιμο Online:http://hdl.handle.net/11610/11112
Ετικέτες: Προσθήκη ετικέτας
Δεν υπάρχουν, Καταχωρήστε ετικέτα πρώτοι!

MARC

LEADER 00000cam a2200000 i 4500
001 1/10760
008 000905s1993 gre d
035 |l 10063562 
040 |a GR-MY-UA  |b gre  |e aacr 
041 0 |a gre 
082 0 |a 338.4791  |2 (22) 
100 1 |a Παρπαΐρης, Aπόστολος. 
245 1 0 |a Μεθοδολογικό πλαίσιο εκτίμησης της χωρικής φέρουσας ικανότητας για τουριστική ανάπτυξη (ΦΙΤΑ) :  |b διδακτορική διατριβή /  |c Παρπαϊρης Απόστολος ; επιβλέπων καθηγητής Χάρης Κοκκώσης 
260 |a Μυτιλήνη :   |b Πανεπιστήμιο Αιγαίου, Τμήμα Περιβάλλοντος,   |c 1993 
300 |a 2 τ.;  |c 30 εκ. 
502 |a Διατριβή (διδακτορική) - Πανεπιστήμιο Αιγαίου, Λέσβος, 1993. 
504 |a Περιέχει βιβλιογραφία 
505 0 |a τόμος Ι: Θεωρητική πρόσεγγισητόμος II: Επιχειρησιακή πρόσεγγιση (το παράδειγμα της Μυκόνου) 
650 0 0 |a Tourism  |z Greece  |z Mykonos Island. 
650 0 0 |a Tourism  |x Planning. 
650 0 0 |a Tourism  |x Environmental aspects. 
650 0 0 |a Tourism  |x Data processing. 
650 0 0 |a Dissertations, Academic  |z Greece. 
710 2 |a Πανεπιστήμιο Αιγαίου.   |b Σχολή Περιβάλλοντος.   |b Τμήμα Περιβάλλοντος. 
852 |a INST  |b LESVOS  |c DIATR  |e 20000905  |h 10α  |p 005100027502  |q 005100027502  |t PHD  |v τ.Ι:  |y 23  |z τ.Ι 
852 |a INST  |b LESVOS  |c DIATR  |e 20000905  |h 10β  |p 005100027501  |q 005100027501  |t PHD  |v τ.ΙΙ:  |y 23  |z τ.ΙΙ 
852 |a INST  |b LESVOS  |c DIATR  |e 20000905  |h 11α  |p 005100027504  |q 005100027504  |t PHD  |v τ.Ι:  |y 23  |z τ.Ι 
852 |a INST  |b LESVOS  |c DIATR  |e 20000905  |h 11β  |p 005100027503  |q 005100027503  |t PHD  |v τ.ΙΙ:  |y 23  |z τ.ΙΙ 
853 |a INST  |b LESVOS  |c DIATR  |h 10α 
853 |a INST  |b LESVOS  |c DIATR  |h 10β 
853 |a INST  |b LESVOS  |c DIATR  |h 11α 
853 |a INST  |b LESVOS  |c DIATR  |h 11β 
856 |u http://hdl.handle.net/11610/11112 
901 |a BIBL1-2000-3 
909 |a Λ  |b 080909 
909 |a Λ  |b 080910 
909 |a Λ  |b 080911 
909 |a Λ  |b 080912 
924 |a ΠΑΡΠΑΙΡΗΣ  |b ΑΠΟΣΤΟΛΟΣ  |y ΛΕΣΒΟΣ  |z 2000-09 
970 |a ΚΑΜΑΤΣΟΥ  |b ΔΕΣΠΟΙΝΑ  |z 2000/09/05